Constructores de ciudad. Nueve historias del primer concurso "Historia de las Poblaciones" /
محفوظ في:
| المؤلف الرئيسي: | |
|---|---|
| مؤلفون آخرون: | |
| التنسيق: | نص |
| منشور في: |
Santiago:
Ediciones Sur
|
| الوسوم: |
إضافة وسم
لا توجد وسوم, كن أول من يضع وسما على هذه التسجيلة!
|
MARC
| LEADER | 00000 a a2200000 04500 | ||
|---|---|---|---|
| 001 | 22205 | ||
| 003 | |||
| 040 | |||
| 090 | |a 150600 | ||
| 100 | |a Avello, David Jesús | ||
| 245 | |a Constructores de ciudad. Nueve historias del primer concurso "Historia de las Poblaciones" / |c David Jesús Avello | ||
| 260 | |a Santiago: |b Ediciones Sur | ||
| 300 | |a 152 p. | ||
| 700 | |a Cartagena, Juan Carlos |a Escalona, Adrián |a Farías, Guillermina |a Hernández, Edison |a Vivanco, Sandra |a Lobos, Juan |a Paredes, Gustavo |a Sandoval, Patricia |a Vásquez, Bolívar |a Rodríguez, Alfredo |a edit. |a Rosenfeld, Alex |a edit. |a Matta, Paulina@ | ||
| 999 | |c 15180 |d 15180 | ||
